Statistics for Countries with a Free Press in 2017

Click here to take the quiz!

General Stats

  • This quiz has been taken 16 times
  • The average score is 48 of 61

Answer Stats

Answer % Correct
United States
100%
United Kingdom
100%
France
93%
Finland
93%
Japan
93%
Sweden
93%
Belgium
87%
Monaco
87%
Germany
87%
Netherlands
87%
Ireland
87%
Denmark
87%
Luxembourg
87%
Norway
87%
Spain
87%
Switzerland
87%
Tuvalu
80%
Marshall Islands
80%
New Zealand
80%
Portugal
80%
Palau
80%
Saint Kitts and Nevis
80%
Saint Lucia
80%
Saint Vincent and the Grenadines
80%
Samoa
80%
Tonga
80%
Slovenia
80%
Solomon Islands
80%
Australia
80%
Vanuatu
80%
Lithuania
80%
Czech Republic
80%
Austria
80%
Bahamas
80%
Uruguay
80%
Canada
80%
Chile
80%
Liechtenstein
80%
Latvia
80%
Dominica
80%
Estonia
80%
Grenada
80%
Iceland
80%
Jamaica
80%
Trinidad and Tobago
73%
Costa Rica
73%
San Marino
73%
Slovakia
73%
Barbados
73%
Kiribati
73%
Suriname
73%
Taiwan
73%
Cyprus
73%
Andorra
67%
Federated States of Micronesia
67%
Cape Verde
67%
Malta
67%
Papua New Guinea
53%
Belize
53%
Sao Tome and Principe
47%
Mauritius
47%

Score Distribution

Percentile by Number Answered

Percent of People with Each Score

Your Score History

You have not taken this quiz